000 00459cam a2200193ua 4500
001 9225
008 150224n ii |||gr||||Z||||||eng
020 _a8125010491
040 _cMAIN
041 _aeng
082 _a822.33
100 _aHulme, H. M.,
_eEditor.
245 1 _aWilliam shakespeare Julius Caesar
_cEdited by H. M. Hulme
250 _a1st.
260 _aHyderabad:
_bOrient,
_c2001.
300 _a270p.
653 _aEnglish drama
942 _cBK
999 _c8294
_d8294